Marketingový zprostredkovatel a e-byznys

Obsahové vymedzenie pojmu marketingový sprostredkovateľ. Vytváranie marketingových ciest. Marketingoví sprostredkovatelia a informačné technológie. Praktické skúsenosti spoločnosti Snap-On a IngramMicro. Ciele marketingových sprostredkovateľov.

Guardado en:
Detalles Bibliográficos
Autor principal: Kočí, Ivo
Formato: Capítulo de libro
Lenguaje:checo
Materias:
Etiquetas: Agregar Etiqueta
Sin Etiquetas, Sea el primero en etiquetar este registro!

MARC

LEADER 00000naa a2200000 4500
001 r045246
005 20231004100200.6
041 0 |a cze 
041 0 |a cze 
044 |a CZ 
245 1 0 |a Marketingový zprostredkovatel a e-byznys  |c Ivo Kočí 
520 |a Obsahové vymedzenie pojmu marketingový sprostredkovateľ. Vytváranie marketingových ciest. Marketingoví sprostredkovatelia a informačné technológie. Praktické skúsenosti spoločnosti Snap-On a IngramMicro. Ciele marketingových sprostredkovateľov. 
610 2 0 |a sprostredkovatelia 
610 2 0 |a marketing 
610 2 0 |a obchod 
610 2 0 |a technológie informačné 
610 2 0 |a trh elektronický 
610 2 0 |a konkurencia 
610 2 0 |a služby 
610 2 0 |a cesty odbytové 
100 1 |a Kočí, Ivo